000 00510cam a22001097a 4500
008 180718b1958 xxu||||| |||| 00| 0 eng d
082 _aR86x42 Un3c
245 _aReport of a court of inquiry into a dispute between employeers who are represented on the workpeople'e side of the National Joint Council for the port transport industry
_cby Ministry of Labour and National Service
260 _aLondon
_bHer Majesty's Stationery Office
_c1958
300 _a19p
700 _aU.K. Ministry of Labour and National Service
999 _c420532
_d420532